000
00331nam a2200133Ia 4500
008
191201s2011 xx 000 0 und d
100
_a
GROOVER,Mikell P
245
0
_a
CAD/CAM computer- aided design and manufactur...
250
_a
9th IMP
260
_c
2011
_b
pearson
_a
N. delhi
300
_a
511
650
_a
ME
942
_2
ddc
_c
BB
999
_c
7526
_d
7526